000 00592nam a2200229 i 4500
001 bgj
100 1 _aMAUGHAM, [William] Somerset
_d(1874-1965)
245 1 0 _aSelected Plays /
_cW. Somerset Maugham.
250 _a[2nd printing].
260 _aLondon :
_bPan Books,
_c1977=
_bWilliam Heinemann.
300 _a448 pp ;
_c18 cm.
650 9 _aDrama
740 0 2 _aSheppey
740 0 2 _aThe Sacred Flame
740 0 2 _aThe Circle
740 0 2 _aThe Constant Wife
740 0 2 _aOur Betters
040 _cBPK
041 0 _aeng
942 _cKS
008 s uk f |000 0 eng
999 _c47533
_d47533
856 _uhttp://koha.tu.koszalin.pl/cgi-bin/koha/opac-detail.pl?biblionumber=47533
_yKatalog online BPK